BIBLIOTHÈQUE DE LA MAISON DU MEXIQUE

Logo 1 Logo 2

La verdad poética en José Angel Valente (notice nᵒ 6925)

détails MARC
000 -Sello discográfico
campo de control de longitud fija 01018nam a2200301 4500
005 - Identificación de versión
campo de control 20251016084738.0
010 ## - Número Estándar Internacional de Libros (ISBN)
Número (ISBN) 978-607-462-247-8
099 ## - fechas locales
Tipo de ítem Koha LIBRO
100 ## - Datos de procesamiento general
Datos de procesamiento general 20231108d2011 m y1spay5003 ba
105 ## - Campo de datos codificados: Material textual, monográfico
Datos codificados de monografía a 001gy
200 1# - Título y mención de responsabilidad
Título propio La verdad poética en José Angel Valente
Designación general del material texto impreso
Otra información del título 1955-1966
Primer mención de responsabilidad Tatiana Aguilar-Alvarez Bay
205 ## - Declaración de edición
Declaración de edición 1a ed
210 ## - Publicación, distribución, etc.
Lugar de publicación, distribución, etc. México
Nombre del editor, distribuidor, etc. El Colegio de México, Centro de Estudios Lingüísticos y Literarios
Fecha de publicación, distribución, etc. 2011
215 ## - Descripción física
Designación de material específico y extensión del ítem 311 p
Dimensiones 23 cm
320 ## - Nota de índices/bibliografías internas
Texto de la nota Bibliografía: p.295-311
345 ## - Nota de información de adquisición
Fuente de adquisición/dirección de la suscripción [OBSOLETO] Donación
410 #1 - Series
Título Serie Estudios de Lingüística y Literatura
Número de volumen 59
600 ## - Nombre personal usado como materia
Elemento de entrada Valente
Parte del nombre distinta del elemento de entrada José Angel
Fechas 1929-2000
Subdivisión temática Crítica e interpretación
Número Koha 12992
660 ## - Código de área geográfica
Código MX
700 ## - Nombre personal - Responsabilidad primaria
Elemento de entrada Aguilar-Alvarez Bay
Parte del nombre distinta del elemento de entrada Tatiana
Número Koha 12993
801 #0 - Fuente de origen
País FR
Agencia cm
Reglas de catalogación (convenciones descriptivas) AFNOR
900 ## -
-- 1/22485
900 ## -
-- 7100417642\080104
942 ## - ELEMENTOS DE ENTRADA SECUNDARIOS (KOHA)
Tipo de ítem Koha Livre
996 ## -
-- MEX
-- 751145101
-- MMAG
-- 009013
-- E861.6 V154A
-- 20231108LIV
Exemplaires
Estatus retirado Estado de daño Estado de pérdida Fecha de adquisición Biblioteca de origen Biblioteca actual Ubicación en estantería Código de barras Precio de reemplazo Signatura topográfica completa No para préstamo Tipo de ítem Koha Nota pública Nota no pública
      05/08/2025 Casa México Paris Casa México Paris   009013 05/08/2025 E861.6 V154A   Livre 20231108LIV 751145101